Statistiques concernant Les films avec Al Pacino

Cliquez ici pour prendre le quiz!

Statistiques générales

  • Ce quiz a été pris 136 fois
  • Le résultat moyen est 6 sur 27

Statistiques - réponses

RôlesFilms% Correct
Un jeune Cubain qui va devenir parrain de la drogueScarface
95%
Le fils d'un mafiaso qui va prendre la tête de l'empire après la mort de son pèreLe Parrain
84%
Dans ce face à face avec Robert De Niro, le flic c'est luiHeat
78%
Un gangster qui vient de sortir de prison et qui ne veut pas retomber dans ces anciens traversL'Impasse
41%
Le diable en la personne d'un avocat qui dirige un grand cabinetL'associé du diable
34%
Un braqueur pris au piège par les négociateurs du FBI qui voulait payer une opération esthétique à sa femme transgenreUn après-midi de chien
34%
Un lieutenant colonel à la retraite, aveugle et alcoolique qui prend un étudiant fauché sous son aileLe Temps d'un Week-End
29%
Dans ce troisième volet de cette saga, il y incarne un dirigeant de casino sans scrupuleOcean's Thirteen
29%
Un des membres d'une famille de couturiers très célèbreHouse of Gucci
28%
Un inspecteur qui enquête sur le meurtre d'une ado dans un petit village de pêcheursInsomnia
27%
À la fin des années 60, un agent d'acteur sur le déclin va lui suggérer de tourner des Westerns SpaghettiOnce Upon a Time… in Hollywood
23%
Un vieil entraîneur de football américainL'Enfer du Dimanche
19%
Un recruteur de la CIA qui fait équipe avec une jeune recrueLa Recrue
18%
Un jeune policier qui infiltre le milieu gay New-Yorkais pour arrêter un tueur en série qui tue des homosexuelsLa Chasse
16%
Un journaliste qui enquête sur l'industrie du tabacRévélations
12%
Un ex-taulard qui une fois sorti de prison, se passionne pour la cuisine et la littérature avant de tomber amoureux d'une serveuseFrankie et Johnny
10%
Un lieutenant qui enquête avec son collègue sur un tueur en série qui tue d'autres tueurs qui n'ont jamais été arrêtésLa Loi et l'Ordre
10%
Un autostoppeur comique qui partage sa route avec un grand gaillardL'Épouvantail
10%
Un maire qui gère sa ville sans partage jusqu'au jour où un enfant de 6 ans est tuéCity Hall
9%
Un réalisateur Hollywoodien sur le déclin qui utilise un programme qui crée des acteurs virtuelsSimone
9%
Un pilote de formule 1 qui tombe amoureux d'une femme atteinte d'un mal incurableBobby Deerfield
8%
Un expert en psychiatrie criminelle qui cherche à arrêter un tueur imitateur88 Minutes
6%
Un vétéran de police collabore avec un jeune policier pour traquer un tueur qui s'inspire du jeu du penduHangman
6%
Lefty, un gangster qui prend sous son aile un infiltré de police qui se fait passer pour une jeune recrue de la mafiaDonnie Darko
5%
Un écrivain raté qui a une conversation nocturne avec un ami photographeChinese Coffee
2%
Une rock Star droguée qui découvre une lettre que John Lennon lui avait écriteDanny Collins
2%
Célèbre comédien dépressif qui perd son don avant d'entamer une liaison avec une lesbienneEn toute humilité
2%

Distribution des résultats

Percentile par nombre de réponses

% des personnes avec chaque résultat

Votre développement - résultats

Vous n’avez pas pris ce quiz